| 000 | 00745nam 22002293 4500 | ||
|---|---|---|---|
| 001 | 201373 | ||
| 010 | _a972-42-2633-6 | ||
| 021 |
_aPT _b170 360/01 |
||
| 090 | _a201373 | ||
| 100 | _a20260318d u||y0pory50 ba | ||
| 101 | _apor | ||
| 200 |
_aOs Gatos do Laboratório _eVêem a Luz _fRussell Stannard _gIlustração de Bill Ledger ; Tradução de Paula Antunes |
||
| 210 |
_a[Lisboa] _cCírculo de Leitores _d2001 |
||
| 215 |
_a36 p. : todo il. _cEncadernado _d26 cm |
||
| 225 | _aOs Gatos do Laboratório | ||
| 606 |
_9235 _aLiteratura infantil |
||
| 675 |
_a087.5/STA/GAT _vPT _zpor |
||
| 700 |
_916578 _aStannard _bRussell |
||
| 701 |
_916579 _aLedger _bBill |
||
| 801 |
_aPT _bBMMN _gRPC |
||
| 830 |
_cCarlos Pinto _d18-03-2026 _fCarlos Pinto |
||
| 990 | _cLIVROS | ||